000 00717nam a2200229Ia 4500
001 15836
003 GE_BSU
008 181216s||||||||xx |||||||||||||| ||und||
040 _cGE_BSU
100 _aხახუტაშვილი, ანა (ცქვიტი)
245 _aიოსებ ლაღიაშვილი
245 _bრომანი
245 _cრედ. გ.ნატროშვილი
250 _aმე-2 გამოც
260 _aთბილისი
260 _bსაბჭ. მწერალი
260 _c1948
300 _a239გვ. ; 21სმ
653 _aიოსებ ლაღიაშვილი
653 _aრომანი
942 _cBK
999 _c48933
_d48933